000 00812nam a22002297a 4500
008 160816b xxu||||| |||| 00| 0 eng d
020 _a0071472282
082 _22006
_aDC 658.403
_bM52p
100 _912856
_aMenawat, Anil
245 _aProfit mapping:
_ba tool for aligning operations with future profit and performance/
_cAnil Menawat and Adam Garfein.
260 _aNew York:
_bMcGraw-Hill,
_cc2006.
300 _axi, 263 pages:
_billustrations;
_c23 cm.
500 _aIncludes appendix and index.
650 0 _912857
_aIndustrial management
650 0 _912858
_aOrganizational effectiveness
650 0 _912859
_aBusiness
650 0 _912860
_aCorporate profits
650 0 _912861
_aCorporations
_xFinance
650 0 _912862
_aCost control
700 _912863
_aGarfein, Adam
_eAuthor
942 _2ddc
_cDC
999 _c3865
_d3865